Verdi (Record no. 4227)
[ view plain ]
| 000 -CABECERA | |
|---|---|
| campo de control de longitud fija | 00845nam a2200253 a 4500 |
| 001 - NÚMERO DE CONTROL | |
| campo de control | BRCA_4521 |
| 005 - FECHA Y HORA DE LA ÚLTIMA TRANSACCIÓN | |
| campo de control | 20190320204713.0 |
| 008 - DATOS DE LONGITUD FIJA--INFORMACIÓN GENERAL | |
| campo de control de longitud fija | 210910s1953----mx-#######---#000-0#spa-# |
| 041 ## - CÓDIGO DE LENGUA | |
| Código de lengua del texto/banda sonora o título independiente | spa |
| 044 ## - CÓDIGO DEL PAÍS DE LA ENTIDAD EDITORA/PRODUCTORA | |
| Código MARC del país | mx |
| 050 #4 - SIGNATURA TOPOGRÁFICA DE LA BIBLIOTECA DEL CONGRESO | |
| Número de clasificación | ML410 |
| Número de documento/Ítem | .G38 1953 |
| 100 1# - ENTRADA PRINCIPAL--NOMBRE DE PERSONA | |
| Nombre de persona | Gatti, Carlo |
| 9 (RLIN) | 11448 |
| 245 10 - MENCIÓN DE TÍTULO | |
| Título | Verdi |
| Mención de responsabilidad, etc. | Carlo Gatti ; traducción Ada D´Aloja y revisada por Juan José Arreola. |
| 260 ## - PUBLICACIÓN, DISTRIBUCIÓN, ETC. | |
| Lugar de publicación, distribución, etc. | México |
| Nombre del editor, distribuidor, etc. | Améxica |
| Fecha de publicación, distribución, etc. | 1953 |
| 300 ## - DESCRIPCIÓN FÍSICA | |
| Extensión | 678 p. |
| Dimensiones | 24 cm. |
| 500 ## - NOTA GENERAL | |
| Nota general | Edición dispuesta por el Comité Nacional Verdi, que organizó en México los actos conmemorativos en el cincuentenario de la muerte de Verdi |
| 500 ## - NOTA GENERAL | |
| Nota general | CFG44 |
| 650 14 - PUNTO DE ACCESO ADICIONAL DE MATERIA--TÉRMINO DE MATERIA | |
| Término de materia o nombre geográfico como elemento de entrada | Verdi, Giuseppe |
| Subdivisión cronológica | 1813-1901 |
| 9 (RLIN) | 11449 |
| 650 14 - PUNTO DE ACCESO ADICIONAL DE MATERIA--TÉRMINO DE MATERIA | |
| Término de materia o nombre geográfico como elemento de entrada | Compositores italianos |
| 9 (RLIN) | 11450 |
| 700 1# - PUNTO DE ACCESO ADICIONAL--NOMBRE DE PERSONA | |
| Nombre de persona | D´Aloja, Ada |
| Término indicativo de función/relación | Traductora |
| 9 (RLIN) | 11451 |
| 700 1# - PUNTO DE ACCESO ADICIONAL--NOMBRE DE PERSONA | |
| Nombre de persona | Arreola, Juan José |
| 9 (RLIN) | 11452 |
| 902 ## - CATALOGADOR | |
| Iniciales | GFM |
| 942 ## - ELEMENTOS DE PUNTO DE ACCESO ADICIONAL (KOHA) | |
| Fuente del sistema de clasificación o colocación | Library of Congress Classification |
| Tipo de ítem Koha | Libros |
| Estado de retiro | Estado de pérdida | Estado dañado | No para préstamo | Localización permanente | Ubicación/localización actual | Fecha de adquisición | Número de inventario | Total de préstamos | Signatura topográfica completa | Código de barras | Fecha visto por última vez | Precio válido a partir de | Tipo de ítem Koha |
|---|---|---|---|---|---|---|---|---|---|---|---|---|---|
| El ejemplar forma parte de la colección y puede ser consultado según las políticas vigentes. | Biblioteca del Museo Franz Mayer (Rogerio Casas-Alatriste) | Biblioteca del Museo Franz Mayer (Rogerio Casas-Alatriste) | 21/09/2010 | CFG44 | ML410 .G38 1953 (CFG44) | 4519 | 22/03/2019 | 22/03/2019 | Libros |